<?xml version="1.0" encoding="UTF-8"?>
<record
    xmlns:xsi="http://www.w3.org/2001/XMLSchema-instance"
    xsi:schemaLocation="http://www.loc.gov/MARC21/slim http://www.loc.gov/standards/marcxml/schema/MARC21slim.xsd"
    xmlns="http://www.loc.gov/MARC21/slim">

  <leader>00757nam a22002177a 4500</leader>
  <datafield tag="952" ind1=" " ind2=" ">
    <subfield code="5">1</subfield>
    <subfield code="a">0001</subfield>
    <subfield code="b">0001</subfield>
    <subfield code="d">2024-02-28</subfield>
    <subfield code="l">0</subfield>
    <subfield code="o">DAN 297.03 &#x130;74 2001 c.1</subfield>
    <subfield code="p">21300</subfield>
    <subfield code="r">2024-02-28 00:00:00</subfield>
    <subfield code="w">2024-02-28</subfield>
    <subfield code="y">BKS</subfield>
  </datafield>
  <datafield tag="952" ind1=" " ind2=" ">
    <subfield code="5">1</subfield>
    <subfield code="a">0001</subfield>
    <subfield code="b">0001</subfield>
    <subfield code="d">2024-02-28</subfield>
    <subfield code="l">0</subfield>
    <subfield code="o">DAN 297.03 &#x130;74 2001 c.2</subfield>
    <subfield code="p">21301</subfield>
    <subfield code="r">2024-02-28 00:00:00</subfield>
    <subfield code="w">2024-02-28</subfield>
    <subfield code="y">BKS</subfield>
  </datafield>
  <datafield tag="952" ind1=" " ind2=" ">
    <subfield code="5">1</subfield>
    <subfield code="a">0001</subfield>
    <subfield code="b">0001</subfield>
    <subfield code="d">2024-02-28</subfield>
    <subfield code="l">0</subfield>
    <subfield code="o">DAN 297.03 &#x130;74 2001 c.3</subfield>
    <subfield code="p">21302</subfield>
    <subfield code="r">2024-02-28 00:00:00</subfield>
    <subfield code="w">2024-02-28</subfield>
    <subfield code="y">BKS</subfield>
  </datafield>
  <datafield tag="952" ind1=" " ind2=" ">
    <subfield code="5">1</subfield>
    <subfield code="a">0001</subfield>
    <subfield code="b">0001</subfield>
    <subfield code="d">2024-02-28</subfield>
    <subfield code="l">0</subfield>
    <subfield code="o">DAN 297.03 &#x130;74 2001 c.4</subfield>
    <subfield code="p">21303</subfield>
    <subfield code="r">2024-02-28 00:00:00</subfield>
    <subfield code="w">2024-02-28</subfield>
    <subfield code="y">BKS</subfield>
  </datafield>
  <datafield tag="952" ind1=" " ind2=" ">
    <subfield code="5">1</subfield>
    <subfield code="a">0001</subfield>
    <subfield code="b">0001</subfield>
    <subfield code="d">2024-02-28</subfield>
    <subfield code="l">0</subfield>
    <subfield code="o">DAN 297.03 &#x130;74 2001 c.5/1</subfield>
    <subfield code="p">21304</subfield>
    <subfield code="r">2024-02-28 00:00:00</subfield>
    <subfield code="w">2024-02-28</subfield>
    <subfield code="y">BKS</subfield>
  </datafield>
  <datafield tag="952" ind1=" " ind2=" ">
    <subfield code="5">1</subfield>
    <subfield code="a">0001</subfield>
    <subfield code="b">0001</subfield>
    <subfield code="d">2024-02-28</subfield>
    <subfield code="l">0</subfield>
    <subfield code="o">DAN 297.03 &#x130;74 2001 c.5/2</subfield>
    <subfield code="p">21305</subfield>
    <subfield code="r">2024-02-28 00:00:00</subfield>
    <subfield code="w">2024-02-28</subfield>
    <subfield code="y">BKS</subfield>
  </datafield>
  <datafield tag="952" ind1=" " ind2=" ">
    <subfield code="5">1</subfield>
    <subfield code="a">0001</subfield>
    <subfield code="b">0001</subfield>
    <subfield code="d">2024-02-28</subfield>
    <subfield code="l">0</subfield>
    <subfield code="o">DAN 297.03 &#x130;74 2001 c.6</subfield>
    <subfield code="p">21306</subfield>
    <subfield code="r">2024-02-28 00:00:00</subfield>
    <subfield code="w">2024-02-28</subfield>
    <subfield code="y">BKS</subfield>
  </datafield>
  <datafield tag="952" ind1=" " ind2=" ">
    <subfield code="5">1</subfield>
    <subfield code="a">0001</subfield>
    <subfield code="b">0001</subfield>
    <subfield code="d">2024-02-28</subfield>
    <subfield code="l">0</subfield>
    <subfield code="o">DAN 297.03 &#x130;74 2001 c.7</subfield>
    <subfield code="p">21307</subfield>
    <subfield code="r">2024-02-28 00:00:00</subfield>
    <subfield code="w">2024-02-28</subfield>
    <subfield code="y">BKS</subfield>
  </datafield>
  <datafield tag="952" ind1=" " ind2=" ">
    <subfield code="5">1</subfield>
    <subfield code="a">0001</subfield>
    <subfield code="b">0001</subfield>
    <subfield code="d">2024-02-28</subfield>
    <subfield code="l">0</subfield>
    <subfield code="o">DAN 297.03 &#x130;74 2001 c.8</subfield>
    <subfield code="p">21308</subfield>
    <subfield code="r">2024-02-28 00:00:00</subfield>
    <subfield code="w">2024-02-28</subfield>
    <subfield code="y">BKS</subfield>
  </datafield>
  <datafield tag="952" ind1=" " ind2=" ">
    <subfield code="5">1</subfield>
    <subfield code="a">0001</subfield>
    <subfield code="b">0001</subfield>
    <subfield code="d">2024-02-28</subfield>
    <subfield code="l">0</subfield>
    <subfield code="o">DAN 297.03 &#x130;74 2001 c.9</subfield>
    <subfield code="p">21309</subfield>
    <subfield code="r">2024-02-28 00:00:00</subfield>
    <subfield code="w">2024-02-28</subfield>
    <subfield code="y">BKS</subfield>
  </datafield>
  <datafield tag="952" ind1=" " ind2=" ">
    <subfield code="5">1</subfield>
    <subfield code="a">0001</subfield>
    <subfield code="b">0001</subfield>
    <subfield code="d">2024-02-28</subfield>
    <subfield code="l">0</subfield>
    <subfield code="o">DAN 297.03 &#x130;74 2001 c.10</subfield>
    <subfield code="p">21310</subfield>
    <subfield code="r">2024-02-28 00:00:00</subfield>
    <subfield code="w">2024-02-28</subfield>
    <subfield code="y">BKS</subfield>
  </datafield>
  <datafield tag="952" ind1=" " ind2=" ">
    <subfield code="5">1</subfield>
    <subfield code="a">0001</subfield>
    <subfield code="b">0001</subfield>
    <subfield code="d">2024-02-28</subfield>
    <subfield code="l">0</subfield>
    <subfield code="o">DAN 297.03 &#x130;74 2001 c.11</subfield>
    <subfield code="p">21311</subfield>
    <subfield code="r">2024-02-28 00:00:00</subfield>
    <subfield code="w">2024-02-28</subfield>
    <subfield code="y">BKS</subfield>
  </datafield>
  <datafield tag="952" ind1=" " ind2=" ">
    <subfield code="5">1</subfield>
    <subfield code="a">0001</subfield>
    <subfield code="b">0001</subfield>
    <subfield code="d">2024-02-28</subfield>
    <subfield code="l">0</subfield>
    <subfield code="o">DAN 297.03 &#x130;74 2001 c.12/1</subfield>
    <subfield code="p">21312</subfield>
    <subfield code="r">2024-02-28 00:00:00</subfield>
    <subfield code="w">2024-02-28</subfield>
    <subfield code="y">BKS</subfield>
  </datafield>
  <datafield tag="952" ind1=" " ind2=" ">
    <subfield code="5">1</subfield>
    <subfield code="a">0001</subfield>
    <subfield code="b">0001</subfield>
    <subfield code="d">2024-02-28</subfield>
    <subfield code="l">0</subfield>
    <subfield code="o">DAN 297.03 &#x130;74 2001 c.12/2</subfield>
    <subfield code="p">21313</subfield>
    <subfield code="r">2024-02-28 00:00:00</subfield>
    <subfield code="w">2024-02-28</subfield>
    <subfield code="y">BKS</subfield>
  </datafield>
  <datafield tag="952" ind1=" " ind2=" ">
    <subfield code="5">1</subfield>
    <subfield code="a">0001</subfield>
    <subfield code="b">0001</subfield>
    <subfield code="d">2024-02-28</subfield>
    <subfield code="l">0</subfield>
    <subfield code="o">DAN 297.03 &#x130;74 2001 c.13</subfield>
    <subfield code="p">21314</subfield>
    <subfield code="r">2024-02-28 00:00:00</subfield>
    <subfield code="w">2024-02-28</subfield>
    <subfield code="y">BKS</subfield>
  </datafield>
  <datafield tag="999" ind1=" " ind2=" ">
    <subfield code="c">15500</subfield>
    <subfield code="d">15500</subfield>
  </datafield>
  <controlfield tag="003">MIRAKIL</controlfield>
  <controlfield tag="005">20240228152939.0</controlfield>
  <controlfield tag="008">240228b        tu ||||| |||| 00| 0 tur d</controlfield>
  <datafield tag="040" ind1=" " ind2=" ">
    <subfield code="a">TR-AnCHP</subfield>
    <subfield code="c">TR-AnCHP</subfield>
  </datafield>
  <datafield tag="041" ind1=" " ind2=" ">
    <subfield code="a">tur</subfield>
  </datafield>
  <datafield tag="082" ind1=" " ind2=" ">
    <subfield code="a">DAN 297.03</subfield>
    <subfield code="b">&#x130;74 2001</subfield>
  </datafield>
  <datafield tag="090" ind1=" " ind2=" ">
    <subfield code="a">DAN 297.03 &#x130;74 2001</subfield>
  </datafield>
  <datafield tag="130" ind1=" " ind2=" ">
    <subfield code="a">&#x130;slam ansiklopedisi</subfield>
  </datafield>
  <datafield tag="245" ind1="1" ind2="0">
    <subfield code="a">&#x130;slam ansiklopedisi :</subfield>
    <subfield code="b">&#x130;slam alemi : tarih, co&#x11F;rafya, etnografya, ve biyografya lugat&#x131; /</subfield>
  </datafield>
  <datafield tag="260" ind1=" " ind2=" ">
    <subfield code="a">Eski&#x15F;ehir:</subfield>
    <subfield code="b">M.E.B,</subfield>
    <subfield code="c">2001.</subfield>
  </datafield>
  <datafield tag="300" ind1=" " ind2=" ">
    <subfield code="a">13 cilt :</subfield>
    <subfield code="c">26 cm.</subfield>
  </datafield>
  <datafield tag="500" ind1=" " ind2=" ">
    <subfield code="a">13 ciltten olu&#x15F;maktad&#x131;r.</subfield>
  </datafield>
  <datafield tag="740" ind1=" " ind2=" ">
    <subfield code="a">&#x130;slam alemi, tarih, co&#x11F;rafya, etnografya ve biyografya lugat&#x131;</subfield>
  </datafield>
  <datafield tag="856" ind1=" " ind2=" ">
    <subfield code="z">Dijital N&#xFC;shas&#x131; i&#xE7;in Partimizin K&#xFC;t&#xFC;phane Sorumlusu ile ileti&#x15F;ime ge&#xE7;iniz.</subfield>
  </datafield>
  <datafield tag="942" ind1=" " ind2=" ">
    <subfield code="2">ddc</subfield>
    <subfield code="c">BKS</subfield>
  </datafield>
</record>
